00332nam a2200109Ia 4500008004100000082000800041100002300049245003400072942000600106952009500112999001500207240331s9999 xx 000 0 und d bSID aSidambaranathan, K 0aSamooga maatrathukkana arangu cL 001040708LaWERCLbWERCLcSSCd2024-03-31l0o 792 SIDp3214r2024-03-31w2024-03-31yL c3711d3711